02351nam a22002777a 4500008004100000020001800041040000800059041001300067050001600080100003300096240003200129245006800161260003000229300002400259520074800283520077201031650002601803650003201829650001901861650004201880650003801922650002301960651003101983651002902014700003002043251028b |||||||| |||| 00| 0 eng d a9782330178963 ctbs afreheng aPS3566.I372 aPicoult, Jodid1966-eauthor aWish you were here.lFrench aJ'amerais tant que tu sois làc/ Jodi Picoult ; Marie Chabin. aArles :bActus Sud,c2023 a390 pages ;c24 cm. aLa vie de Diana est sur des rails : elle a le petit ami idéal et le job de ses rêves chez Sotheby's. À bientôt trente ans, il ne lui manque plus que la bague au doigt, et elle est presque sûre que Finn va faire sa demande pendant leur escapade aux Galápagos. Mais, réquisitionné à l'hôpital en ce début 2020, il doit rester à New York et insiste pour qu'elle profite de ce paradis sans lui. C'est donc à contrecoeur qu'elle part - et rien ne se passe comme prévu : bagage perdu, hôtel fermé, wifi inexistant, elle se retrouve coupée du monde et doit sortir de sa zone de confort. De rencontres en introspection, Diana pourrait bien réaliser que sa vie et son bonheur ne sont pas là où elle le croyait... aDiana’s life is right on track: she has the perfect boyfriend and her dream job at Sotheby’s. With thirty fast approaching, the only thing missing is a ring on her finger—and she’s almost certain Finn will propose during their getaway to the Galápagos. But when he’s called back to the hospital at the start of 2020, he has to stay in New York and urges her to enjoy the paradise without him. So she reluctantly goes—and nothing goes according to plan: her luggage is lost, the hotel is closed, the Wi-Fi nonexistent. Cut off from the world, she has no choice but to step outside her comfort zone. Through chance encounters and deep self-reflection, Diana may come to realize that her life—and her happiness—aren’t where she thought they were… 0aArt auctionsvFiction 0aLife change eventsvFiction 0aWomenvFiction 0aCOVID-19 Pandemic, 2020-2023vFiction 0aMan-woman relationships vFiction 0aVacationsvFiction 0aGalapagos IslandsvFiction 0aNew York (N.Y.)vFiction aChabin, Marieetranslator